LIBRARY & INFORMATION CENTRE, KCAET, TAVANUR

ONLINE PUBLIC ACCESS CATALOGUE (OPAC)

Handbook for Travellers in India,Pakistan,Burma and Ceylon / (Record no. 796)

MARC details
000 -LEADER
fixed length control field 00431cam a2200157ua 4500
041 ## - LANGUAGE CODE
Language code of text/sound track or separate title eng
082 ## - DEWEY DECIMAL CLASSIFICATION NUMBER
Classification number 915.4
Item number RUS/HA
100 ## - MAIN ENTRY--AUTHOR NAME
Personal name Rush brook williams, L.F .
245 00 - TITLE STATEMENT
Title Handbook for Travellers in India,Pakistan,Burma and Ceylon /
250 ## - EDITION STATEMENT
Edition statement 19 /
260 ## - PUBLICATION, DISTRIBUTION, ETC. (IMPRINT)
Place of publication London :
Name of publisher John Murray ,
Year of publication 1962.
300 ## - PHYSICAL DESCRIPTION
Number of Pages 634 ; .
942 ## - ADDED ENTRY ELEMENTS (KOHA)
Koha item type Books
Holdings
Withdrawn status Lost status Damaged status Home library Current library Date acquired Full call number Accession Number Koha item type
Withdrawn     KAUAET Malayalam University 07/04/2012 915.4 3984 Books
free website counter